000 00580nam a2200241Ia 4500
003 OSt
005 20220924145438.0
006 a|||||r|||| 00| 0
007 ta
008 220923b |||||||| |||| 00| 0 tel d
020 _c30.00
024 _a328700
037 _cTextual
040 _aARTS
_cARTS
_btel
041 _2tel
_atel
082 _aL, 35N0
100 _aAnantyya
_9219766
245 0 _aTelugunate janpade vaidyavidhanalu
260 _c1990
650 _aMEDICINE
_94387
942 _hL, 35N0
_cTEXL
_2CC
999 _c460123
_d460123